Rubens

Saved in:
Bibliografiske detaljer
Hovedforfatter: Jamot, Paul (Author)
Format: Bog
Sprog:fransk
Udgivet: París Floury 1936
Serier:Anciens et Modernes, 10
Fag:
Tags: Tilføj Tag
Ingen Tags, Vær først til at tagge denne postø!

MARC

LEADER 00000nam a2200000 a 4500
001 UCU0743
003 CL-VaPUC
008 960329e19360000FR |||||||||||||||||fre|d
082 0 4 |a 759.493  |b JAM  |2 21 
100 |a Jamot, Paul  |e author  |9 575388 
245 1 0 |a Rubens 
300 |a 173 p 
942 |c BK 
945 |d 19960329 00:00:00  |a rbrito 
260 |a París  |b Floury  |c 1936 
600 0 |a Rubens, Pedro Pablo   |d 1577-1640  |9 340397 
650 0 |a Pintura flamenca  |9 319201 
650 7 |a PINTORES FLAMENCOS  |2 CL-VaPUC  |9 356151 
650 0 |a Biografías  |9 255210 
583 |a last modification  |c 19960329 00:00:00  |k Rodrigo Vera 
490 0 |a Anciens et Modernes, 10 
999 |c 245556  |d 245554 
952 |0 0  |1 0  |4 0  |6 759_493000000000000_JAM_1936  |7 0  |8 A  |9 260097  |a BIBART  |b BIBART  |d 2019-11-19  |i 3184692  |o 759.493 JAM 1936  |p 3184692  |r 2025-03-13  |w 2019-11-19  |y BK  |k ART